| 000 | 01320nam a22003857a 4500 | ||
|---|---|---|---|
| 003 | CHAP | ||
| 005 | 20220408113535.0 | ||
| 008 | 971013s1967 r 00010 d | ||
| 010 | _a29890 | ||
| 011 | _a30862 | ||
| 035 | _a34974 | ||
| 040 | _cCHAP | ||
| 090 | _aTesis | ||
| 100 | 0 | 0 |
_aMaldonado Aguirre, Lorenzo Jaime. _970075 |
| 245 | _aContribución al estudio de la vegetación y las principales plantas forrajeras y nocivas existentes en el municipio de Sabinas Hidalgo, Nuevo León | ||
| 260 |
_aMonterrey, N.L. : _bEl autor, _c1967 |
||
| 300 |
_a121 h. _b: ilus |
||
| 502 | _aTesis (Ing. Agrónomo) -- Univ. de Nuevo León. Fac. de Agronomía | ||
| 590 |
_aALEPH _b10 _c20130110 |
||
| 590 |
_aBATCH-UPD _b10 _c20130110 |
||
| 590 |
_aBATCH-UPD _b10 _c20130110 |
||
| 590 |
_aBATCH-UPD _b10 _c20130409 |
||
| 590 |
_aBATCH-UPD _b10 _c20130410 |
||
| 590 |
_aBATCH-UPD _b10 _c20130914 |
||
| 590 |
_aCONVERSION _b10 _c20130109 |
||
| 650 | 1 | 4 |
_aBotánica _xNuevo León. _914598 |
| 650 | 1 | 4 |
_aPlantas forrajeras _xNuevo León. _988974 |
| 650 | 1 | 4 |
_aPlantas venenosas. _989092 |
| 901 | _aBK | ||
| 942 |
_cFOLL _2ddc |
||
| 949 |
_bBC _cTES _d-80831 _eTS1 _i34974 _si |
||
| 949 |
_bBC _cTES _d-80832 _eTS2 _fc.2 _i34974 _si |
||
| 949 |
_bBC _cTES _d-80833 _eTS2 _fc.3 _i34974 _si |
||
| 949 |
_bBC _cTES _d-80834 _eTS2 _fc.4 _i34974 _si |
||
| 999 |
_c29890 _d29890 |
||